| 000 | 00706nam a2200241 i 4500 | ||
|---|---|---|---|
| 001 | bgj | ||
| 245 | 0 | 0 |
_aLiterturkritik - Medienkritik / _cMit Beiträgen von Wolfgang Gast... [et al.], Herausgegeben von Jörg Drews. |
| 260 |
_aHeidelberg : _bQuelle und Meyer, _c1977. |
||
| 300 |
_aXIV, 116 S. ; _c21 cm. |
||
| 490 | 1 |
_aMedium Literatur ; _v8 |
|
| 650 | 9 | _aLiteraturkritik | |
| 650 | 9 | _aFernsehkritik | |
| 650 | 9 | _aRundfunk | |
| 700 | 1 |
_aDREW, Jörg. _eHrsg. |
|
| 700 | 1 |
_aGAST, Wolfgang _d(1940- ). _eMitarb. |
|
| 830 | _aMedium Literatur ; | ||
| 020 | _a3494008930 | ||
| 040 | _cBPK | ||
| 041 | 0 | _ager | |
| 920 | _a3-494-00893-0 | ||
| 942 | _cKS | ||
| 008 | s gw f |000 0 ger | ||
| 999 |
_c50354 _d50354 |
||
| 856 |
_uhttp://koha.tu.koszalin.pl/cgi-bin/koha/opac-detail.pl?biblionumber=50354 _yKatalog online BPK |
||